Minecraft by Description - Statistics

General Stats
  • This quiz has been taken 74 times
  • The average score is 12 of 15
Answer Stats
Hint Answer % Correct
it's a gray blockthat you get after mining stone Cobblestone
100%
It's the final bossin Minecraft (The End) Ender Dragon
100%
It's a tall black coloredentity that can teleport Enderman
100%
This is an item crafted by 1 flintand 1 iron ingot Flint and Steel
98%
The is a red and black blockcrafted by gunpowder and sand and explodes TNT
98%
What is crafted with 3 wheat, 2 sugar, 1 egg, and 3 milk buckets Cake
97%
What kind of spider attacks you no matter what Cave Spider
90%
Who does speedruns andmanhunts on YouTube that owns and an SMP Dream
89%
What structure has TNT riggedunderneath Desert Temple
85%
What are the 2 main characters ofMinecraft Steve and Alex
85%
What mob can make othermobs drop their heads Creeper
84%
How many Smithing Templates are there 19
61%
What's is the newest hostile mob in 1.21.1 Breeze
39%
what mob has the most varients in the whole game Tropical Fish
32%
What 2 villagers are impossible to natutally spawn Jungle and Swamp
19%
No matching quizzes found
Score Distribution
Percent of People with Each Score
Percentile by Number Answered
Your Score History
You have not taken this quiz